00236nam a2200097Ia 4500008004100000082001200041100002100053245002900074260002000103600001500123241002s9999 xx 000 0 und d a113 HUX aHuxley, A. Idous 4aThe Perennial Philosophy aNew York:c1970 aPhilosophy